The Encyclopedia of health and the human body /

Alphabetical entries give information on diseases, treatments, bodily parts and systems, anatomical structure, and physicians and scientists who have made contributions in these areas.

Saved in:
Bibliographic Details
Other Authors: Newman, Gerald
Format: Book
Language:English
Published: New York : F. Watts, 1977, c1975.
Subjects:
LEADER 01363nam a2200337 a 4500
001 c000167427
003 CARM
005 20030730162744.0
008 770617c19771975nyua j e 001 0 eng
010 |a 77071179 
019 1 |a 950819  |z 6595485  |5 LACONCORD2021 
020 |a 0531013316 
035 |a (OCoLC)3120823  |5 LACONCORD2021 
040 |a LC  |b eng  |c LC  |d LC 
050 0 0 |a R125  |b .E57 1977 
082 0 0 |a 610/.3 
245 0 4 |a The Encyclopedia of health and the human body /  |c edited by Gerald Newman. 
260 |a New York :  |b F. Watts,  |c 1977, c1975. 
300 |a 426 p. :  |b ill. ;  |c 26 cm. 
500 |a Includes index. 
520 |a Alphabetical entries give information on diseases, treatments, bodily parts and systems, anatomical structure, and physicians and scientists who have made contributions in these areas. 
650 0 |a Medicine  |x Encyclopedias, Juvenile. 
650 0 |a Health  |x Encyclopedias, Juvenile. 
650 0 |a Body, Human  |x Encyclopedias, Juvenile. 
650 1 |a Medicine  |x Encyclopedias. 
650 1 |a Health  |x Encyclopedias. 
650 1 |a Body, Human  |x Encyclopedias. 
700 1 |a Newman, Gerald. 
852 8 |b CARM  |h A3:AB10E0  |i D06581  |p 0232240  |f BK 
999 f f |i 75119d49-953a-575b-b538-46bb5743a064  |s 4fa57dd1-a7fb-5784-a71b-ba92753b36b9 
952 f f |p Can circulate  |a CAVAL  |b CAVAL  |c CAVAL  |d CARM 1 Store  |e D06581  |f A3:AB10E0  |h Other scheme  |i book  |m 0232240